| LEADER |
01012nam0a2200169 450 |
| 001 |
16825393 |
| 010 |
|
|
|a 978-2-330-06652-9
|b Br.
|d 19,8
|
| 100 |
|
|
|a 20160923d2016 u u0frey01 ba
|
| 101 |
0 |
|
|a fre
|
| 200 |
0 |
|
|a Ma part de gaulois
|f Magyd Cherfi
|
| 207 |
|
1 |
|a
|
| 210 |
|
|
|a Arles
|b 43-47 Rue du docteur Fanton. - Passage du Méjan
|c Actes Sud
|d 2016
|
| 330 |
|
|
|a Printemps 1981, dans une cité d'un "quartier" de Toulouse, un rebeu atypique qui s'idéalise en poète de la racaille escalade une montagne nommée "baccalauréat" : du jamais vu chez les Sarrasins. Sur la ligne incertaine et dangereuse d'une insaisissable identité, le parolier-chanteur de Zebda raconte une adolescence entre chausse-trape et croc en jambes, dans une autofiction pleine d'énergie et de gravité, d'amertume ou de colère, de jubilation et d'autodérision.
|
| 700 |
|
0 |
|a Cherfi
|b Magyd
|4 70
|
| 900 |
|
|
|a Roman
|
| 901 |
|
|
|a Accessible au prêt
|
| 995 |
|
|
|a Bibliothèque
|c Bibliothèque
|f 024017387
|h 024017387
|k R CHE
|o p
|q a
|r az
|e Bibliothèque
|